Estadísticas para Departamentos de Colombia- Quiz de Banderas

Haz click aquí para intentar la prueba.

Estadísticas generales

  • Esta prueba ha sido intentada 39 veces
  • La puntuación promedio es 9 de 32

Estadísticas de respuestas

Respuesta% Correcto
Amazonas
68%
Cundinamarca
64%
Antioquia
61%
Boyaca
54%
Norte de Santander
50%
Santander
50%
Magdalena
43%
Atlantico
39%
Cordoba
39%
Bolivar
36%
Vaupes
36%
Meta
32%
Quindio
32%
San Andres y Providencia
32%
Tolima
32%
Guaviare
29%
Risaralda
29%
Arauca
25%
Cesar
25%
Caldas
21%
Casanare
18%
Guainía
18%
Sucre
18%
Choco
14%
Putumayo
11%
Vichada
11%
Caqueta
7%
Cauca
7%
Narino
7%
Valle de Cauca
7%
Hula
4%
La Guajira
4%

Distribución de puntuación

Porcentaje por número respondido

Porcentaje de gente con cada puntuación

Historial de tus puntuaciones

No has intentado esta prueba.